Statistiques concernant Les Flammes 2024 : récompenses

Cliquez ici pour prendre le quiz!

Statistiques générales

  • Ce quiz a été pris 36 fois
    (35 depuis la dernière actualisation)
  • Le résultat moyen est 10 sur 19

Statistiques - réponses

HintRéponse% Correct
La Flamme de l'album nouvelle popAya Nakamura
94%
La Flamme de l'artiste féminineAya Nakamura
94%
La Flamme du rayonnement internationalAya Nakamura
94%
La Flamme de l'artiste masculinGazo
88%
La Flamme du concert de l'annéeSCH
66%
La Flamme du featuring de l'annéeTiakola
66%
La Flamme de l'album rapWerenoi
66%
La Flamme de la révélation masculineFavé
63%
La Flamme Spotify de l'abum de l'annéeHamza
59%
La Flamme du morceau performance rapNinho
59%
La Flamme de la révélation féminineMerveille
44%
La Flamme du clipShay
41%
La Flamme du morceau caribéen ou d'inspiration caribéenneKalash
34%
La Flamme du morceau de musiques africaines ou d'inspiration africaineJungeli
25%
La Flamme de l'engagement socialZamdane
22%
La Flamme du morceau R'n'BMonsieur Nov
19%
La Flamme éternelleDJ Kore
16%
La Flamme du compositeurBoumidjal X
9%
La Flamme de la cover d'album de l'annéeISHA
6%

Distribution des résultats

Percentile par nombre de réponses

% des personnes avec chaque résultat

Votre développement - résultats

Vous n’avez pas pris ce quiz depuis la dernière actualisation